Les plus grands ports de France - Statistiques

Statistiques générales
  • Ce quiz a été pris 1 058 fois
  • Le résultat moyen est 13 sur 24
Statistiques - réponses
Tonnes de marchandises Port français % Correct
96,500,000 Marseille
99%
75,000,000 Le Havre
95%
34,500,000 Nantes-Saint-Nazaire
89%
8,690,000 Bordeaux
86%
2,460,000 Brest
85%
60,400,000 Dunkerque
84%
38,300,000 Calais
75%
1,000,000 Toulon
75%
8,400,000 La Rochelle
73%
3,580,000 Cherbourg
56%
2,680,000 Lorient
56%
22,000,000 Rouen
55%
1,860,000 Saint-Malo
47%
3,580,000 Caen-Ouistreham
44%
3,900,000 Bayonne
40%
1,240,000 Ajaccio
39%
3,860,000 Sète
39%
2,480,000 Bastia
37%
2,510,000 Dieppe
31%
3,160,000 Fort-de-France
28%
3,800,000 Pointe-à-Pitre
16%
5,280,000 Nouméa
13%
3,770,000 La Pointe des Galets (La Réunion)
9%
2,290,000 Port-la-Nouvelle
3%
Aucun quiz correspondant
Distribution des résultats
% des personnes avec chaque résultat
Percentile par nombre de réponses
Votre historique - résultats
Vous n’avez pas pris ce quiz